00351nam a2200109Ia 4500008004100000100002000041245003900061260000900100300003000109440002400139650007800163180117s9999 xx 000 0 und d aby CJ Juntereal aOf food Fads, Trends, and Classics c2017 a14-16 pages, 2017 April 9 aPhilippine Panorama aMANILA'S BURGEONING FOOD SCENE IS A STUDY OF FICKLEMINDEDNESS AND LOYALTY